| Tag |
First Indicator |
Second Indicator |
Subfields |
| LEADER |
00000cam a2200000 a 4500 |
| 001 |
in00000082878 |
| 005 |
20151008054246.0 |
| 008 |
811105s1979 ja a b 00110 engm |
| 010 |
|
|
|a 81481535
|
| 015 |
|
|
|a Ja***
|
| 020 |
|
|
|a 9283310497
|z 9283310503 (pbk.)
|
| 035 |
|
|
|a (OCoLC)07313607
|
| 035 |
|
|
|9 AAJ0119AM
|
| 040 |
|
|
|a DLC
|c DLC
|d TXA
|d UtOrBLW
|
| 049 |
|
|
|a TXAM
|c [1803457]
|
| 050 |
0 |
0 |
|a T59
|b .S794
|
| 082 |
0 |
|
|a 658.5/62/091724
|2 19
|
| 100 |
1 |
|
|a Stephens, Kenneth S.
|
| 245 |
1 |
0 |
|a Preparing for standardization certification and quality control /
|c Kenneth S. Stephens.
|
| 264 |
|
1 |
|a Tokyo, Japan :
|b Asian Productivity Organization,
|c 1979.
|
| 300 |
|
|
|a ix, 298 pages :
|b illustrations ;
|c 22 cm.
|
| 336 |
|
|
|a text
|b txt
|2 rdacontent
|
| 337 |
|
|
|a unmediated
|b n
|2 rdamedia
|
| 338 |
|
|
|a volume
|b nc
|2 rdacarrier
|
| 504 |
|
|
|a Includes bibliographical references and index.
|
| 651 |
|
0 |
|a Developing countries
|x Standardization.
|
| 651 |
|
0 |
|a Developing countries
|x Quality control.
|
| 999 |
|
|
|a MARS
|
| 999 |
f |
f |
|s 2a3aad33-f4c4-33b1-a299-3e75d9cfb13f
|i 0dfff8e6-912a-329a-bd5f-3f0491af06c3
|t 0
|
| 952 |
f |
f |
|p ric
|a Texas A&M University
|b Rellis Campus
|c Joint Library Facility
|d Remote Storage
|t 0
|e T59 .S794
|h Library of Congress classification
|i unmediated -- volume
|m A14806240558
|
| 998 |
f |
f |
|a T59 .S794
|t 0
|l Remote Storage
|